Gramatica y ortografía al día: Guía como las principales novedades de la Real Academia Española / Francisco Moreno Castrillon (Registro nro. 12193)

Detalles MARC
000 -LEADER
fixed length control field 00648nam a22001931a 4500
001 - CONTROL NUMBER
control field 12193
003 - CONTROL NUMBER IDENTIFIER
control field OSt
005 - DATE AND TIME OF LATEST TRANSACTION
control field 20260204212316.0
008 - FIXED-LENGTH DATA ELEMENTS--GENERAL INFORMATION
fixed length control field 150319s2013||||ck ||||||b||||||||||spa||
020 ## - NUMERO DE LIBRO INTERNACIONAL NORMALIZADO
International Standard Book Number 9789587413242
082 ## - DEWEY DECIMAL CLASSIFICATION NUMBER
Classification number 465.07 M843g
100 ## - ASIENTO PRINCIPAL -- NOMBRE PERSONAL
Personal name Moreno Castrillon, Francisco
245 ## - TÍTULO PROPIAMENTE DICHO: SUBTÍTULO
Title Gramatica y ortografía al día: Guía como las principales novedades de la Real Academia Española / Francisco Moreno Castrillon
264 ## - PRODUCTION, PUBLICATION, DISTRIBUTION, MANUFACTURE, AND COPYRIGHT NOTICE
Place of production, publication, distribution, manufacture Barraquilla : Universidad del Norte
300 ## - PHYSICAL DESCRIPTION
Extensión 195 p.
500 ## - GENERAL NOTE
General note Incluye referencias bibliográficas
650 ## - ASIENTO SECUNDARIO DE MATERIA -- TERMINO TEMÁTICO
Termino Temático Como Elemento de Entrada ESPAÑOL - GRAMATICA 2.ESPAÑOL - ORTOGRAFIA - ENSEÑANZAÌ
942 ## - ADDED ENTRY ELEMENTS (KOHA)
Source of classification or shelving scheme Dewey Decimal Classification
Koha item type Libros
Existencias
Withdrawn status Lost status Source of classification or shelving scheme Damaged status Not for loan Current library Date acquired Total Checkouts Full call number Barcode Date last seen Price effective from Koha item type
    Dewey Decimal Classification     Biblioteca UTECO 09/09/2019   465.07 M843G 017527 09/09/2019 09/09/2019 Libros
    Dewey Decimal Classification     Biblioteca UTECO 09/09/2019   465.07 M843G 017528 09/09/2019 09/09/2019 Libros
© 2021 Derechos Reservados UTECO - Teléfono: +1 809-585-2291 - Correo electrónico: biblioteca@uteco.edu.do​  
Código postal 43000 ​​
Dirección: Avenida Universitaria No. 100, 
Cotuí, Provincia Sánchez Ramírez, República Dominicana - RNC: 404-00059-6